¿Condenados a la posdemocracia? /

Uloženo v:
Podrobná bibliografie
Hlavní autor: Sintomer, Yves
Médium: Kniha
Jazyk:Spanish
Tagy: Přidat tag
Žádné tagy, Buďte první, kdo vytvoří štítek k tomuto záznamu!

MARC

LEADER 00000nam a22000007a 4500
003 cru CIDCACS/IIS
005 20170406101325.0
007 ta
008 170406e2017 ag ||||| |||| 00| 0 spa d
040 |c cru CIDCACS/IIS 
100 1 |9 3990  |a Sintomer, Yves 
245 |a ¿Condenados a la posdemocracia? /  |c Yves Sintomer 
300 |a páginas 22-34 
773 0 |0 19022  |9 587  |a Fundación Friedrich Ebert  |d Fundación Friedrich Ebert; Nueva Sociedad  |o R19292  |t Nueva Sociedad / 
942 |2 ddc  |c PP 
999 |c 19141  |d 19141